The Power Struggles over the Post-neoliberal Social Security System Reforms in Venezuela and Ecuador

This book carries out a comparative analysis of the power struggles over the post-neoliberal social security reforms in Venezuela and Ecuador. The research breaks down why the social security system reform initiated by Hugo Chávez' government in Venezuela has come down since its passing in 200...

Full description

Bibliographic Details
Main Author: Bistoletti, Ezequiel Luis (Author, http://id.loc.gov/vocabulary/relators/aut)
Corporate Author: SpringerLink (Online service)
Format: Electronic eBook
Language:English
Published: Cham : Springer International Publishing : Imprint: Springer, 2019.
Edition:1st ed. 2019.
Series:The Latin American Studies Book Series,
Subjects:
Online Access:Full Text via HEAL-Link
LEADER 04122nam a2200589 4500
001 978-3-319-98168-0
003 DE-He213
005 20191029022859.0
007 cr nn 008mamaa
008 180825s2019 gw | s |||| 0|eng d
020 |a 9783319981680  |9 978-3-319-98168-0 
024 7 |a 10.1007/978-3-319-98168-0  |2 doi 
040 |d GrThAP 
050 4 |a GF 
072 7 |a RGC  |2 bicssc 
072 7 |a SOC015000  |2 bisacsh 
072 7 |a RGC  |2 thema 
082 0 4 |a 304.2  |2 23 
100 1 |a Bistoletti, Ezequiel Luis.  |e author.  |4 aut  |4 http://id.loc.gov/vocabulary/relators/aut 
245 1 4 |a The Power Struggles over the Post-neoliberal Social Security System Reforms in Venezuela and Ecuador  |h [electronic resource] /  |c by Ezequiel Luis Bistoletti. 
250 |a 1st ed. 2019. 
264 1 |a Cham :  |b Springer International Publishing :  |b Imprint: Springer,  |c 2019. 
300 |a XIX, 277 p. 5 illus., 2 illus. in color.  |b online resource. 
336 |a text  |b txt  |2 rdacontent 
337 |a computer  |b c  |2 rdamedia 
338 |a online resource  |b cr  |2 rdacarrier 
347 |a text file  |b PDF  |2 rda 
490 1 |a The Latin American Studies Book Series,  |x 2366-3421 
505 0 |a Introduction -- Chapter 1. Theoretical Approach -- Chapter 2. Methodological Approach -- Chapter 3. Analysis of the Power Struggles over the Post-Neoliberal Social Security System Reform in Venezuela -- Chapter 4. Analysis of the Power Struggles over the Post-Neoliberal Social Security System Reform in Ecuador -- Chapter 5. Comparative Analysis of the Power Struggles over the Post-Neoliberal Social Security System Reforms in Venezuela and Ecuador -- Conclusions. 
520 |a This book carries out a comparative analysis of the power struggles over the post-neoliberal social security reforms in Venezuela and Ecuador. The research breaks down why the social security system reform initiated by Hugo Chávez' government in Venezuela has come down since its passing in 2002, whereas the social security system reform initiated by Rafael Correa's government in Ecuador has come along in spite of the obstacles since 2007. All in all, the analysis determined that the struggles over the social security system reforms in both countries remarkably corresponded to each other with regard to their structural conditions, points of contention, and contending actors. In contrast, the analysis established substantial divergences regarding the ways in which the struggles over both reforms came about, due to the divergent development of the struggles for hegemony between government and opposition. These divergences finally brought about the indefinite stagnation of the reform in Venezuela and the advancement of subsequent partial reforms aimed at the universalization of social security in Ecuador. 
650 0 |a Cultural geography. 
650 0 |a Social structure. 
650 0 |a Social inequality. 
650 0 |a Social policy. 
650 0 |a Comparative politics. 
650 0 |a Public finance. 
650 0 |a Political economy. 
650 1 4 |a Cultural Geography.  |0 http://scigraph.springernature.com/things/product-market-codes/J22000 
650 2 4 |a Social Structure, Social Inequality.  |0 http://scigraph.springernature.com/things/product-market-codes/X22010 
650 2 4 |a Social Policy.  |0 http://scigraph.springernature.com/things/product-market-codes/X33000 
650 2 4 |a Comparative Politics.  |0 http://scigraph.springernature.com/things/product-market-codes/911040 
650 2 4 |a Public Economics.  |0 http://scigraph.springernature.com/things/product-market-codes/W34000 
650 2 4 |a International Political Economy.  |0 http://scigraph.springernature.com/things/product-market-codes/912140 
710 2 |a SpringerLink (Online service) 
773 0 |t Springer eBooks 
776 0 8 |i Printed edition:  |z 9783319981673 
776 0 8 |i Printed edition:  |z 9783319981697 
776 0 8 |i Printed edition:  |z 9783030074616 
830 0 |a The Latin American Studies Book Series,  |x 2366-3421 
856 4 0 |u https://doi.org/10.1007/978-3-319-98168-0  |z Full Text via HEAL-Link 
912 |a ZDB-2-EES 
950 |a Earth and Environmental Science (Springer-11646)